Kavivara Bihārī : (Record no. 87855)

MARC details
000 -LEADER
fixed length control field 00810cam a22002414a 4500
001 - CONTROL NUMBER
control field sa 68017650
003 - CONTROL NUMBER IDENTIFIER
control field DLC
005 - DATE AND TIME OF LATEST TRANSACTION
control field 20260227112704.0
008 - FIXED-LENGTH DATA ELEMENTS--GENERAL INFORMATION
fixed length control field 890913s1968 ii b 000 0 hino
010 ## - LIBRARY OF CONGRESS CONTROL NUMBER
LC control number sa 68017650
035 ## - SYSTEM CONTROL NUMBER
System control number (OCoLC)20337099
040 ## - CATALOGING SOURCE
Original cataloging agency DLC
Transcribing agency DLC
041 0# - LANGUAGE CODE
Language code of text/sound track or separate title hin
-- bra
050 00 - LIBRARY OF CONGRESS CALL NUMBER
Classification number PK1967.9.V47
Item number Z94 1968
100 0# - MAIN ENTRY--PERSONAL NAME
Personal name Vinaya,
Dates associated with a name 1937-
245 10 - TITLE STATEMENT
Title Kavivara Bihārī :
Remainder of title Mahākavi Bihārī para sarvāgīṇa ālocanātmaka adhyayana /
Statement of responsibility, etc. lekhaka, Ḍā. Vinaya, Kr̥shṇa Vātsyāyana.
260 ## - PUBLICATION, DISTRIBUTION, ETC.
Place of publication, distribution, etc. Dillī :
Name of publisher, distributor, etc. Jñāna Bhāratī,
Date of publication, distribution, etc. [1968?]
300 ## - PHYSICAL DESCRIPTION
Extent 168 p. ;
Dimensions 23 cm.
546 ## - LANGUAGE NOTE
Language note In Hindi with passages in Braj.
504 ## - BIBLIOGRAPHY, ETC. NOTE
Bibliography, etc. note Includes bibliographical references.
600 00 - SUBJECT ADDED ENTRY--PERSONAL NAME
Personal name Vihārī Lāla,
Titles and other words associated with a name Kavi
General subdivision Criticism and interpretation.
700 1# - ADDED ENTRY--PERSONAL NAME
Personal name Vātsyāyana, Kr̥shṇa.

No items available.

Powered by Koha